000 00578nam a2200181Ia 4500
008 090201s9999 xx 000 0 und d
010 _aKPL-65631
040 _bमराठी
041 _aमराठी
082 _a3102
_b65631
100 _aमाधव वसंत
245 _aतुझिया नामाचा गजर
_cमाधव वसंत
250 _a1
260 _c1983
_bबलवंत पुस्तक भांडार
300 _a64
_bमध्यम
600 _aतुझिया नामाचा गजर
942 _cBOOK
999 _c204200
_d204200